| 000 | 00551nam a2200193 a 4500 | ||
|---|---|---|---|
| 001 | 000217630 | ||
| 003 | AM-YeHGA | ||
| 005 | 20250618071504.0 | ||
| 008 | 030411s1913 gs r 000 0 arm d | ||
| 040 | _aAM-YeHGA | ||
| 041 | 0 | _aarm | |
| 100 | 1 |
_aԲաշինջաղյան, Գևորգ Զաքարի, _d1857-1925 _92902 |
|
| 245 | 1 | 0 |
_aԷսքիզներ / _cԳ. Բաշինջաղյան. |
| 260 |
_aԹիֆլիզ : _bԷսպերանտո, _c1913. |
||
| 300 | _a186 էջ | ||
| 650 | 1 | 4 | _aՀայ գրականություն |
| 942 |
_2udc _cBK |
||
| 090 | _c77515 | ||
| 999 |
_c76279 _d76279 |
||